Associations between physical activity, cardiorespiratory fitness, and obesity in mexican children /
Сохранить в:
| Главный автор: | |
|---|---|
| Другие авторы: | , , , , |
| Формат: | Текст |
| Метки: |
Добавить метку
Нет меток, Требуется 1-ая метка записи!
|
MARC
| LEADER | 00000 a a2200000 04500 | ||
|---|---|---|---|
| 001 | 46395 | ||
| 003 | |||
| 040 | |||
| 100 | |a Galavíz, Karla | ||
| 245 | |a Associations between physical activity, cardiorespiratory fitness, and obesity in mexican children / |c Karla L. Galavíz, Mark S. Tremblay, Rachel Colley, Edtna Jáuregui, Juan López y Taylor, Ian Janssen | ||
| 700 | |a Tremblay, Mark S. | ||
| 700 | |a Colley, Rachel | ||
| 700 | |a Jáuregui, Edtna | ||
| 700 | |a López y Taylor, Juan | ||
| 700 | |a Janssen, Ian | ||
| 773 | |g volumen54, número5 ( , 2012), páginas 463-469: tablas, gráficos | ||
| 999 | |c 29562 |d 29562 | ||
